[Event "FRA-ch U10 Girls"]
[Site "Le Grand Bornand"]
[Date "2003.??.??"]
[Round "6.3"]
[White "Berthelot, Maeva"]
[Black "Le Bail, Arielle"]
[Result "0-1"]
[WhiteElo "1380"]
[BlackElo "1390"]
[PlyCount "78"]
[EventDate "2003.??.??"]
[EventType "swiss"]
[EventRounds "9"]
[EventCountry "FRA"]
[SourceTitle "EXT 2004"]
[Source "ChessBase"]
[SourceDate "2003.11.25"]
[SourceVersion "1"]
[SourceVersionDate "2003.11.25"]
[SourceQuality "1"]

1. e4 Nc6 2. d4 d5 3. e5 Bf5 4. c3 e6 5. Bd3 Bxd3 6. Qxd3 f6 7. Nf3 Qd7 8. 0-0 Nge7 9. Nbd2 Nf5 10. Nb3 fxe5 11. Nxe5 Nxe5 12. dxe5 Be7 13. f4 0-0 14. Be3 Qe8 15. Nd4 Qh5 16. Nxe6 Rfc8 17. Bc5 Bxc5+ 18. Nxc5 b6 19. Nb3 c6 20. Rae1 Re8 21. Nd4 Nxd4 22. Qxd4 Re6 23. c4 Rd8 24. b3 Rh6 25. h3 Rg6 26. Kh2 Qh4 27. Qe3 d4 28. Qd3 c5 29. Re4 Qe7 30. Rf3 Rf8 31. Rg3 Rxg3 32. Kxg3 Qf7 33. Kf3 Qh5+ 34. Kg3 Qg6+ 35. Kh2 Rxf4 36. Re3 dxe3 37. Qxe3 Qe4 38. Qc3 Rf2 39. Qg3 Qf4 0-1

[Event "FRA-ch U10 Girls"]
[Site "Le Grand Bornand"]
[Date "2003.??.??"]
[Round "4.1"]
[White "Neuhauser, Salome"]
[Black "Berthelot, Maeva"]
[Result "1-0"]
[WhiteElo "1390"]
[BlackElo "1380"]
[PlyCount "157"]
[EventDate "2003.??.??"]
[EventType "swiss"]
[EventRounds "9"]
[EventCountry "FRA"]
[SourceTitle "EXT 2004"]
[Source "ChessBase"]
[SourceDate "2003.11.25"]
[SourceVersion "1"]
[SourceVersionDate "2003.11.25"]
[SourceQuality "1"]

1. e4 d5 2. exd5 Qxd5 3. Nc3 Qd6 4. d4 Nf6 5. Nf3 a6 6. h3 h6 7. Bd3 b5 8. a3 Bb7 9. 0-0 e6 10. Re1 Be7 11. Ne4 Nxe4 12. Bxe4 Bxe4 13. Rxe4 0-0 14. Rg4 Kh8 15. c3 c5 16. Bf4 Qb6 17. Be5 Bf6 18. Bxf6 gxf6 19. Qd2 Kh7 20. Qf4 f5 21. Rg3 Nd7 22. Qh4 f6 23. Re1 Rg8 24. d5 Rxg3 25. dxe6 Rxf3 26. gxf3 Ne5 27. Re3 Re8 28. Qxf6 Rxe6 29. Qxf5+ Rg6+ 30. Kh2 Nf7 31. Qxf7+ Rg7 32. Qf5+ Qg6 33. Qxg6+ Rxg6 34. f4 Rf6 35. Kg3 Rf5 36. Re7+ Kg6 37. Re6+ Rf6 38. Rxf6+ Kxf6 39. Kg4 Kg6 40. h4 h5+ 41. Kf3 Kf5 42. b3 a5 43. c4 a4 44. bxa4 b4 45. axb4 cxb4 46. c5 b3 47. c6 b2 48. c7 b1Q 49. c8Q+ Kf6 50. Qc6+ Kg7 51. Kg3 Qg1+ 52. Qg2 Qa1 53. Kh3+ Kf7 54. Qd5+ Kg6 55. Qg5+ Kh7 56. f5 Qh1+ 57. Kg3 Qg1+ 58. Kf3 Qd1+ 59. Kg3 Qg1+ 60. Kh3 Qh1+ 61. Kg3 Qg1+ 62. Kf3 Qd1+ 63. Ke4 Qxa4+ 64. Ke5 Qe8+ 65. Kf4 Qa4+ 66. Kg3 Qb3+ 67. f3 Qb8+ 68. Kh3 Qg8 69. Qxg8+ Kxg8 70. Kg3 Kf7 71. Kf4 Kf6 72. Ke4 Ke7 73. Ke5 Kf7 74. f4 Ke7 75. f6+ Kf7 76. f5 Kg8 77. Ke6 Kf8 78. f7 Kg7 79. Ke7 1-0

[Event "FRA-chT 0102 U18"]
[Site "France"]
[Date "2002.??.??"]
[Round "7.10"]
[White "Jardine, Ludovic"]
[Black "Berthelot, Maeva"]
[Result "0-1"]
[WhiteElo "1340"]
[BlackElo "1310"]
[PlyCount "42"]
[EventDate "2001.10.??"]
[EventType "team-tourn"]
[EventRounds "11"]
[EventCountry "FRA"]
[SourceTitle "EXT 2003"]
[Source "ChessBase"]
[SourceDate "2002.11.25"]
[SourceVersion "1"]
[SourceVersionDate "2002.11.25"]
[SourceQuality "1"]
[WhiteTeam "Vandoeuvre"]
[BlackTeam "Sautron"]
[WhiteTeamCountry "FRA"]
[BlackTeamCountry "FRA"]

1. e4 e5 2. Nf3 Nc6 3. Bc4 Be7 4. Nc3 Nf6 5. d3 0-0 6. Bg5 d6 7. Qd2 Be6 8. Bb3 Qd7 9. d4 exd4 10. Nxd4 Nxd4 11. Qxd4 c6 12. 0-0-0 Bxb3 13. axb3 Rfd8 14. e5 dxe5 15. Qxe5 Qe6 16. Qxe6 fxe6 17. Rxd8+ Rxd8 18. Ne4 Nxe4 19. Bxe7 Rd7 20. Re1 Nxf2 21. Rxe6 Rd1# 0-1

[Event "FRA-ch U10 Girls"]
[Site "Hyeres"]
[Date "2002.??.??"]
[Round "3.4"]
[White "Le Bail, Arielle"]
[Black "Berthelot, Maeva"]
[Result "0-1"]
[WhiteElo "1470"]
[BlackElo "1300"]
[PlyCount "62"]
[EventDate "2002.04.05"]
[EventType "swiss"]
[EventRounds "9"]
[EventCountry "FRA"]
[SourceTitle "EXT 2003"]
[Source "ChessBase"]
[SourceDate "2002.11.25"]
[SourceVersion "1"]
[SourceVersionDate "2002.11.25"]
[SourceQuality "1"]

1. e4 e5 2. f4 Bc5 3. Nc3 d6 4. Nf3 Nc6 5. Bc4 Nge7 6. d3 Bg4 7. Bd2 Nd4 8. h3 Nxf3+ 9. gxf3 Bh5 10. Qe2 Nc6 11. Bb5 0-0 12. 0-0-0 Nd4 13. Qg2 Bxf3 14. Qg3 Bxh1 15. Rxh1 Bb4 16. Kd1 Bxc3 17. Bxc3 exf4 18. Qg4 c5 19. Rg1 Qf6 20. Bd7 Qg6 21. Bf5 Qxg4+ 22. Rxg4 Rad8 23. h4 g6 24. b4 h5 25. Rg2 Kh7 26. Bh3 f3 27. Rg5 f2 28. bxc5 Ne6 29. Rd5 Nf4 30. Rxd6 Rxd6 31. cxd6 Nxh3 0-1

[Event "FRA-chT 0102 U18"]
[Site "France"]
[Date "2002.??.??"]
[Round "5.10"]
[White "Schaeffer, Vincent"]
[Black "Berthelot, Maeva"]
[Result "1-0"]
[WhiteElo "1650"]
[BlackElo "1310"]
[PlyCount "111"]
[EventDate "2001.10.??"]
[EventType "team-tourn"]
[EventRounds "11"]
[EventCountry "FRA"]
[SourceTitle "EXT 2003"]
[Source "ChessBase"]
[SourceDate "2002.11.25"]
[SourceVersion "1"]
[SourceVersionDate "2002.11.25"]
[SourceQuality "1"]
[WhiteTeam "Bischwiller"]
[BlackTeam "Sautron"]
[WhiteTeamCountry "FRA"]
[BlackTeamCountry "FRA"]

1. e4 e5 2. Nf3 Nc6 3. d4 exd4 4. Nxd4 Nf6 5. Nc3 Bb4 6. Bg5 0-0 7. Be2 h6 8. Bh4 d5 9. 0-0 Bxc3 10. bxc3 dxe4 11. Rb1 Ne5 12. h3 b6 13. Bg3 Nfd7 14. Nb5 Ba6 15. Qd5 c6 16. Qxe4 cxb5 17. Bxe5 Re8 18. Rbd1 Rxe5 19. Qxe5 Nxe5 20. Rxd8+ Rxd8 21. a4 Rd2 22. Re1 f6 23. axb5 Bb7 24. Bf1 Rxc2 25. Ra1 Rxc3 26. Rxa7 Bd5 27. Ra6 Nd7 28. Ra7 Be6 29. Ra8+ Kf7 30. Ra7 Kg6 31. Ra4 Rc1 32. Re4 Ne5 33. f4 Bc4 34. fxe5 Rxf1+ 35. Kh2 fxe5 36. Rxc4 Rf5 37. Rc6+ Rf6 38. Rc4 Kf5 39. g4+ Kg5 40. Kg3 Rf4 41. h4+ Kg6 42. Rc6+ Rf6 43. Kg2 Kf7 44. Rc7+ Kg6 45. Rc6 e4 46. Rc3 Re6 47. Rc6 Kf6 48. Rc2 Ke5 49. Kg3 g5 50. hxg5 hxg5 51. Rd2 Rd6 52. Re2 Rd3+ 53. Kf2 Kf4 54. Kf1 Re3 55. Rg2 Rf3+ 56. Ke2 1-0